000 00516cam a2200193ua 4500
001 860
008 110421n ii |||gr||||Z||||||asm
040 _cMAIN
082 _a320.3
245 1 _aSnatok mahalar tulonamulok sarkar
_cby Adyanath Chakroborty
250 _a4th.
260 _aGuwahati:
_bJyoti,994.
300 _a278p.:
_c25cm.
653 _aPolitical science
653 _aSnatok mahalar tulonamulok sarkar
653 _aComparative government
700 _aChakroborty, Adyanath.,
_eAuthor.
942 _cBK
999 _c783
_d783